Taylor Swift - Devine les chansons par leurs bridge #10 - Statistiques

Statistiques générales
  • Ce quiz a été pris 113 fois
    87 depuis la dernière actualisation
  • Le résultat moyen est 7 sur 15
Statistiques - réponses
Hint Réponse % Correct
What if I roll the stone away?They're gonna crucify me anyway What if the way you hold me is actually what's holy? If long-suffering propriety is what they want from me They don't know how you've haunted me so stunningly I choose you and me religiously Guilty as Sin?
84%
Is this the end of all the endings?My broken bones are mending With all these nights we're spending Up on the roof with a school girl crush Drinkin' beer out of plastic cups Say you fancy me, not fancy stuff Baby, all at once, this is enough King Of My Heart
84%
Tell me that you're still mineTell me that we'll be just fine Even when I lose my mind I need to say Tell me that it's not my fault Tell me that I'm all you want Even when I break your heart I need to say Afterglow
77%
And I can see you years from now in a barTalking over a football game With that same big, loud opinion, but nobody's listening Washed up and ranting about the same ole bitter things Drunk and grumbling on about how I can't sing But all you are is *** Mean
73%
And it's hard to be at a party when I feel like an open woundIt's hard to be anywhere these days when all I want is you You're a flashback in a film reel on the one screen in my town this is me trying
71%
This is falling in love in the cruelest wayThis is fallin' for you when you are worlds away In New York, be here But you're in London and I break down 'Cause it's not fair that you're not around Come Back… Be Here
64%
And the years passed like scenes of a showThe professor said to write what you know Lookin' backwards might be the only way to move forward Then the actors were hitting their marks And the slow dance was alight with the sparks And the tears fell in synchronicity with the score And at last, she knew what the agony had been for The Manuscript
47%
You always knew how to push my buttons (I, I-I-I, I, I, ***, ***, I)You give me everything and nothin' (I, I-I-I, I, I, ***, ***, I) This mad, mad love makes you come runnin' (I, I-I-I, I, I,***, ***, I) To stand back where you stood (I, I-I-I, I, I, ***, ***, I) ***, *** (***, ***) ***, *** (I, I-I-I, I, I, ***, ***, I) (***, ***) (I, I-I-I, I, I, ***, ***, I) I Wish You Would
44%
This is a ***This is the worthwhile fight Love is a ruthless game Unless you play it good and right These are the hands of fate You're my Achilles heel This is the golden age of somethin' good And right and real State of Grace
36%
Industry disruptors and soul deconstructorsAnd smooth-talking hucksters out glad-handing each other And the voices that implore, "You should be doing more" To you, I can admit that I’m just too soft for all of it Ooh Sweet Nothing
36%
I was thinking just one time (Just one time)Maybe the stars align (Just one time) And maybe I call you mine And you won't need space Or string me along while you decide And just one time (Just one time) Maybe the moment's right (The moment's right) It's 8:05 and I see two headlights Electric Touch
32%
Can't not think of all the costAnd the things that will be lost Oh, can we just get a pause? To be certain we'll be tall again Whether weather be the frost Or the violence of the dog days I'm on waves, out being tossed Is there a line that I could just go cross? And when I was shipwrecked (Can't think of all the cost now) I thought of you (All the things that will be lost now) In the cracks of light (Can we just get a pause?) I dreamed of you (To be certain we'll be tall again) (If you think of all the cost) It was real enough (Whether weather be the frost) To get me through (Or the violence of the dog days) (Or the violence of the dog days) (Out on waves, being tossed) (I'm on waves, out being tossed) But I swear (Is there a line that we can just go cross?) You were there Evermore
30%
It's 2 AM, feelin' like I just lost a friendHope you know it's not easy, easy for me It's 2 AM, feelin' like I just lost a friend Hope you know this ain't easy, easy for me Breathe
19%
I've watched you so longScreamed your name I don't know what else I can say Come In With The Rain
12%
If you and I are a storyThat never gets told If what you are is a daydream I'll never get to hold, at least you'll know Stay Beautiful
10%
Aucun quiz correspondant
Distribution des résultats
% des personnes avec chaque résultat
Percentile par nombre de réponses
Votre historique - résultats
Vous n’avez pas pris ce quiz depuis la dernière actualisation